000 00484nam a22001817a 4500
005 20170223160436.0
010 _aENG-117320
020 _a9789350290323
_c199.00
035 _aEN-100852
037 _bDBAD/PUB
082 _aN
100 _a Roy,Devapriya
245 _aThe vague woman's handbook /
_cby Devapriya Roy
260 _aNoida
_bHarperCollins Publishers
_c2016
270 _aA-75,Sector 57
_bNoida
_e201301
300 _a339p.
_c18cm(pbk)
942 _2ddc
_cEN
_hN
_mDEV
999 _c137817
_d137817